<?xml version="1.0" encoding="UTF-8"?>
<record
    xmlns:xsi="http://www.w3.org/2001/XMLSchema-instance"
    xsi:schemaLocation="http://www.loc.gov/MARC21/slim http://www.loc.gov/standards/marcxml/schema/MARC21slim.xsd"
    xmlns="http://www.loc.gov/MARC21/slim">

  <leader>00380nam a22001337a 4500</leader>
  <controlfield tag="003">LRUA</controlfield>
  <controlfield tag="005">20230712215542.0</controlfield>
  <controlfield tag="008">230712b        xxu||||| |||| 00| 0 eng d</controlfield>
  <datafield tag="040" ind1=" " ind2=" ">
    <subfield code="c">RUA</subfield>
  </datafield>
  <datafield tag="082" ind1=" " ind2=" ">
    <subfield code="2">HAR ICO 2003 C227 Or.</subfield>
  </datafield>
  <datafield tag="245" ind1=" " ind2=" ">
    <subfield code="a">INTEROGANIZATIONAL COOPERATION IN UNCERTAIN ENVIRONMENTS: THE CASE OF FOOD AID MANAGEMENT</subfield>
  </datafield>
  <datafield tag="260" ind1=" " ind2=" ">
    <subfield code="a">Phnom Penh</subfield>
    <subfield code="b">RUA</subfield>
    <subfield code="c">2003</subfield>
  </datafield>
  <datafield tag="942" ind1=" " ind2=" ">
    <subfield code="2">ddc</subfield>
    <subfield code="c">EK</subfield>
  </datafield>
  <datafield tag="999" ind1=" " ind2=" ">
    <subfield code="c">21562</subfield>
    <subfield code="d">21562</subfield>
  </datafield>
  <datafield tag="952" ind1=" " ind2=" ">
    <subfield code="0">0</subfield>
    <subfield code="1">0</subfield>
    <subfield code="2">ddc</subfield>
    <subfield code="4">0</subfield>
    <subfield code="6">HAR_ICO_2003_000000000000000_C227_OR</subfield>
    <subfield code="7">0</subfield>
    <subfield code="9">93552</subfield>
    <subfield code="a">LBC</subfield>
    <subfield code="b">LBC</subfield>
    <subfield code="c">C227</subfield>
    <subfield code="d">2023-07-12</subfield>
    <subfield code="o">HAR ICO 2003 C227 Or.</subfield>
    <subfield code="p">a24021</subfield>
    <subfield code="r">2023-07-12</subfield>
    <subfield code="w">2023-07-12</subfield>
    <subfield code="y">EK</subfield>
  </datafield>
</record>
